[Event "Ì13Â"]
[Site "Loo"]
[Date "2017.04.21"]
[Round "2.9"]
[White "Áåëîøàïêî, Ìàòâåé."]
[Black "Áàçûðöûðåíîâ, Êèðèëë."]
[Result "1-0"]
[WhiteElo "1750"]
[BlackElo "1831"]
[PlyCount "83"]
[EventDate "2017.04.20"]

1. e4 e5 2. Nf3 Nc6 3. d4 exd4 4. Nxd4 Nf6 5. Nxc6 bxc6 6. e5 Qe7 7. Qe2 Nd5 8.
c4 Nb6 9. b3 g6 10. Bb2 Bg7 11. f4 O-O 12. g3 d6 13. Bg2 Bd7 14. O-O Rae8 15.
Re1 dxe5 16. fxe5 f6 17. Ba3 c5 18. Nc3 f5 19. Nd5 Nxd5 20. Bxd5+ Kh8 21. Bb2
c6 22. Bf3 f4 23. g4 Qg5 24. h3 Rf7 25. Rad1 h5 26. Qg2 hxg4 27. hxg4 Bxe5 28.
Bxe5+ Rxe5 29. Qb2 Bxg4 30. Rxe5 Bf5+ 31. Qg2 Qf6 32. Re8+ Kg7 33. Qh2 Qg5+ 34.
Kf1 Rf8 35. Rxf8 Kxf8 36. Bxc6 Qf6 37. Bf3 g5 38. Qd2 Kg7 39. Qd8 Qc3 40. Qe7+
Kh6 41. Rd6+ Bg6 42. Qf8+ 1-0

[Event "Ì13Â"]
[Site "Loo"]
[Date "2017.04.21"]
[Round "2.10"]
[White "Êó÷åðîâ, Ìàòâåé."]
[Black "Òðîôèìîâ, Ïàâåë."]
[Result "0-1"]
[WhiteElo "1709"]
[BlackElo "1933"]
[PlyCount "96"]
[EventDate "2017.04.20"]

1. e4 c5 2. c3 d5 3. exd5 Qxd5 4. d4 Nf6 5. Nf3 Bg4 6. Be2 e6 7. O-O Nc6 8. Be3
cxd4 9. cxd4 Be7 10. Nc3 Qd6 11. Qb3 O-O 12. Rad1 Rfd8 13. Rd2 a6 14. a3 b5 15.
Rfd1 Na5 16. Qa2 Nd5 17. Ne4 Qb6 18. b4 Nb7 19. Qb3 a5 20. Nc5 axb4 21. axb4
Ra7 22. Ne5 Bxe2 23. Rxe2 Rda8 24. Rc1 Nd6 25. g4 h6 26. Ned7 Qd8 27. Ne5 Qe8
28. Rb1 Ra3 29. Qc2 Nc3 30. Ree1 Nxb1 31. Rxb1 Ra2 32. Rb2 Ra1+ 33. Kg2 R8a3
34. Nb3 Qa8+ 35. Qc6 R1a2 36. Rxa2 Rxa2 37. Qxa8+ Rxa8 38. Kf3 Kf8 39. Nc5 Ke8
40. Nc6 Ra3 41. Ke2 Nc4 42. h3 Nb6 43. Kd2 Nd5 44. Ke2 Bf6 45. Nd3 Ra6 46. Nce5
Be7 47. Nc5 Ra2+ 48. Kf3 Nxb4 0-1

[Event "Ì13Â"]
[Site "Loo"]
[Date "2017.04.21"]
[Round "2.11"]
[White "Ïøìàõîâ, Îñìàí."]
[Black "Åðìîëàåâ, Èâàí."]
[Result "1/2-1/2"]
[WhiteElo "2121"]
[BlackElo "1804"]
[PlyCount "80"]
[EventDate "2017.04.20"]

1. d4 Nf6 2. c4 g6 3. Nc3 d5 4. Bf4 Bg7 5. e3 O-O 6. Rc1 c6 7. c5 Bf5 8. h3 Re8
9. Nf3 Nfd7 10. Be2 e5 11. Nxe5 Nxe5 12. Bxe5 Bxe5 13. dxe5 Rxe5 14. O-O Re8
15. Qd4 Nd7 16. b4 a6 17. f4 Qe7 18. Kf2 Nf6 19. Bf3 Ne4+ 20. Nxe4 Bxe4 21.
Bxe4 Qxe4 22. Rfd1 Re7 23. Rc3 Rae8 24. Qxe4 Rxe4 25. a3 Kg7 26. Kf3 h5 27. g3
f5 28. Rb3 Kf6 29. Rc3 Rd8 30. h4 Rd7 31. Rd4 Rde7 32. Kf2 Kf7 33. a4 Rxd4 34.
exd4 Re4 35. Rd3 Ke6 36. a5 Kd7 37. Rd2 Ke6 38. Rd3 Kf7 39. Rd2 Kg7 40. Rd3 Kf6
1/2-1/2

[Event "Ì13Â"]
[Site "Loo"]
[Date "2017.04.21"]
[Round "2.12"]
[White "Ïîíîìàðåâ, Ãðèãîðèé."]
[Black "Êóíäÿíîê, Âëàäèñëàâ."]
[Result "1-0"]
[WhiteElo "2088"]
[BlackElo "1810"]
[PlyCount "117"]
[EventDate "2017.04.20"]

1. e4 c5 2. Nf3 d6 3. d4 cxd4 4. Nxd4 Nf6 5. Nc3 a6 6. g3 e5 7. Nde2 Nc6 8. Bg2
Be7 9. O-O O-O 10. Nd5 Nxd5 11. exd5 Nb8 12. a4 Qc7 13. Be3 Bf5 14. Nc3 Bf6 15.
Ne4 Bxe4 16. Bxe4 Be7 17. Qd3 g6 18. f4 f5 19. Bg2 e4 20. Qe2 Rc8 21. c3 Qc4
22. Qxc4 Rxc4 23. Bd4 h5 24. h3 Kf7 25. g4 Bf6 26. gxf5 gxf5 27. Rfd1 Nd7 28.
Be3 Rg8 29. Kh2 Bh4 30. Bf1 Rcc8 31. Be2 Bg3+ 32. Kh1 Nf6 33. Ra3 Bh4 34. Rb3
Rc7 35. Bb6 Rd7 36. c4 Bg3 37. Be3 h4 38. Rb6 Nh7 39. a5 Nf8 40. b4 Kg7 41. c5
dxc5 42. bxc5 Ng6 43. Rf1 Ne7 44. c6 bxc6 45. dxc6 Rc7 46. Rb7 Nd5 47. Bd4+ Kg6
48. Bc4 e3 49. Bxd5 e2 50. Rg1 Rgc8 51. Rxc7 Rxc7 52. Bf2 Kf6 53. Bxg3 hxg3 54.
Re1 Rh7 55. Kg2 Ke7 56. Rxe2+ Kd6 57. Bf3 Rh6 58. Rd2+ Kc5 59. c7 1-0

[Event "Ì13Â"]
[Site "Loo"]
[Date "2017.04.21"]
[Round "2.13"]
[White "Ìî÷àëèí, Ôàääåé."]
[Black "Ìåðö, Äìèòðèé."]
[Result "0-1"]
[WhiteElo "1925"]
[BlackElo "1744"]
[PlyCount "76"]
[EventDate "2017.04.20"]

1. d4 d5 2. c4 e6 3. Nc3 Nf6 4. cxd5 exd5 5. Bg5 Be7 6. e3 O-O 7. Bd3 Nbd7 8.
Nge2 Re8 9. Qc2 c6 10. O-O Nf8 11. f3 Be6 12. Rad1 Rc8 13. Rfe1 a6 14. Bh4 c5
15. dxc5 Bxc5 16. Nd4 b5 17. Qb3 N8d7 18. Kh1 Ne5 19. Bb1 Nc4 20. e4 b4 21.
Nxe6 fxe6 22. Na4 Be7 23. exd5 exd5 24. Bg3 Nh5 25. Bf2 Bf6 26. Rxe8+ Qxe8 27.
Qd3 g6 28. Qxd5+ Kh8 29. Bc2 Qe2 30. b3 Qxf2 31. bxc4 Qxc2 32. Nb6 Nf4 33. Qd2
Qxd2 34. Rxd2 Rc6 35. c5 Rxc5 36. h3 Rc6 37. Nd7 Bc3 38. Rd1 Kg7 {
äàëåå çàïèñü íåðàçáîð~~èâà} 0-1

[Event "Ì13Â"]
[Site "Loo"]
[Date "2017.04.21"]
[Round "2.14"]
[White "Äàí÷åíêî, Àðòåìèé."]
[Black "Ãðåõîâ, Ëóêà."]
[Result "0-1"]
[WhiteElo "1888"]
[BlackElo "1756"]
[PlyCount "104"]
[EventDate "2017.04.20"]

1. e4 c5 2. Nf3 e6 3. d4 cxd4 4. Nxd4 Nf6 5. Nc3 Nc6 6. Ndb5 Bb4 7. a3 Bxc3+ 8.
Nxc3 d5 9. exd5 exd5 10. Bd3 O-O 11. O-O d4 12. Ne2 Bg4 13. f3 Bh5 14. Bb5 Qb6
15. Bxc6 d3+ 16. Kh1 dxe2 17. Qxe2 Qxc6 18. Bg5 Bg6 19. c3 Rfe8 20. Qd2 Rad8
21. Qf4 h6 22. Bh4 Bd3 23. Rfe1 g5 24. Rxe8+ Rxe8 25. Qd4 Bg6 26. Bg3 Nh5 27.
Bf2 a6 28. Rd1 Nf4 29. Be3 Qe6 30. Bf2 Qe2 31. Qd2 Nd3 32. Bg1 Nf4 33. Bf2 Qxd2
34. Rxd2 Re2 35. Rxe2 Nxe2 36. g3 Nc1 37. b4 Nd3 38. Bd4 Kf8 39. c4 Ke7 40. Kg2
Ke6 41. Kf1 Ne5 42. Ke2 Bd3+ 43. Ke3 Bxc4 44. a4 Bd5 45. Bxe5 Kxe5 46. f4+
gxf4+ 47. gxf4+ Kf5 48. a5 f6 49. Kd4 Bc6 50. Ke3 h5 51. h3 h4 52. Ke2 Kxf4 0-1

[Event "Ì13Â"]
[Site "Loo"]
[Date "2017.04.21"]
[Round "2.15"]
[White "Ïàíüêîâ, Äàíèèë."]
[Black "Åôðåìîâ, Âëàäèñëàâ."]
[Result "0-1"]
[WhiteElo "1764"]
[BlackElo "1879"]
[PlyCount "118"]
[EventDate "2017.04.20"]

1. d4 d5 2. c4 e6 3. Nf3 c6 4. g3 dxc4 5. Bg2 b5 6. O-O Bb7 7. a4 a6 8. Nc3 Nd7
9. Ne5 Ne7 10. Ne4 Nd5 11. Nxf7 Kxf7 12. Ng5+ Ke7 13. e4 Nc7 14. Bf4 Nf6 15.
Bxc7 Qxc7 16. e5 Ng8 17. Bh3 Bc8 18. axb5 Nh6 19. bxc6 Nf7 20. Ne4 Ke8 21. f4
Qxc6 22. Bg2 Qd7 23. Nd6+ Nxd6 24. Bxa8 Nb5 25. Qf3 Nxd4 26. Qe4 Bc5 27. Rad1
Qa7 28. Kg2 Bd7 29. Kh3 Ke7 30. Bb7 Rb8 31. Rxd4 Bxd4 32. Bc6 Bxc6 33. Qxc6 g6
34. Qxc4 Qb6 35. Rd1 Rd8 36. Ra1 a5 37. Qa4 Bc5 38. Qxa5 Qxa5 39. Rxa5 Bd4 40.
Rb5 Rd7 41. Kg2 Kd8 42. h3 Kc7 43. Kf3 Kc6 44. Rb3 Rb7 45. Rxb7 Kxb7 46. b3 Kc6
47. Ke4 Bc5 48. g4 Kd7 49. h4 Be7 50. h5 g5 51. fxg5 Bxg5 52. Kd4 Kc6 53. Kc4
h6 54. Kd4 Kb5 55. Kd3 Kc5 56. Ke4 Bd8 57. Kf4 Kb4 58. Ke3 Kxb3 59. Kd3 Kb4 0-1

[Event "Ì13Â"]
[Site "Loo"]
[Date "2017.04.21"]
[Round "2.16"]
[White "Ìîðîçîâ, Ãåííàäèé."]
[Black "Ãðåáíåâ, Àëåêñåé."]
[Result "0-1"]
[WhiteElo "1738"]
[BlackElo "1874"]
[PlyCount "92"]
[EventDate "2017.04.20"]

1. d4 Nf6 2. c4 g6 3. Nc3 Bg7 4. e4 d6 5. Be2 Nbd7 6. Bg5 e5 7. d5 a5 8. h3 Nc5
9. Qc2 Bd7 10. Nf3 b6 11. O-O O-O 12. Nd2 h6 13. Be3 Nh7 14. f4 exf4 15. Rxf4
Qe7 16. Raf1 Rae8 17. Kh1 h5 18. R4f3 Ng5 19. Bxg5 Qxg5 20. Bd3 Be5 21. Nb3
Nxb3 22. axb3 Bg4 23. R3f2 Qe3 24. g3 Bxh3 25. Rf3 Qg5 26. Rg1 Bg4 27. Kg2
Bxf3+ 28. Kxf3 Qg4+ 29. Ke3 Bxg3 30. Qg2 Qf4+ 31. Ke2 h4 32. Kd1 Qe3 33. Kc2
Be5 34. Nd1 Qg3 35. Qf1 Qf4 36. Qe2 h3 37. Rh1 h2 38. Ne3 Kg7 39. Nf1 Rh8 40.
Qg2 Rh5 41. Nd2 Rg5 42. Qf3 Qxf3 43. Nxf3 Rg2+ 44. Kc1 Rh8 45. Kd1 g5 46. Be2
g4 0-1

[Event "Ì13Â"]
[Site "Loo"]
[Date "2017.04.21"]
[Round "2.17"]
[White "Òåðçÿí, Íàçàð."]
[Black "Åðàñòîâ, Ñåìåí."]
[Result "0-1"]
[WhiteElo "1715"]
[BlackElo "1838"]
[PlyCount "156"]
[EventDate "2017.04.20"]

1. e4 c6 2. d4 d5 3. Nc3 dxe4 4. Nxe4 Nd7 5. Qe2 Ndf6 6. c3 Nxe4 7. Qxe4 Nf6 8.
Qc2 e6 9. Nf3 b6 10. Bd3 Bb7 11. O-O Bd6 12. Bg5 Qc7 13. a4 c5 14. Bb5+ Ke7 15.
Be2 cxd4 16. Nxd4 Bxh2+ 17. Kh1 Bf4 18. Bxf4 Qxf4 19. Bf3 Ng4 20. Bxg4 Qxg4 21.
f3 Qg6 22. Qb3 Qh5+ 23. Kg1 Qc5 24. Rae1 Rhd8 25. Re3 Bd5 26. Qc2 g6 27. Qf2
Bc4 28. Rfe1 h5 29. Qh4+ Kf8 30. b4 Qc8 31. Qf6 Kg8 32. f4 Rxd4 33. Qxd4 Qc7
34. f5 Kh7 35. fxg6+ fxg6 36. Rf3 Bd5 37. Rf6 Rg8 38. Ref1 Rg7 39. Qe3 Bb3 40.
R1f3 Bd5 41. Rh3 Qc6 42. Qg5 Qxa4 43. Rf8 Qd1+ 44. Kh2 Be4 45. Qd8 Qxd8 46.
Rxd8 Rc7 47. Rd4 Bd5 48. Rhh4 Rxc3 49. Rd2 Kh6 50. Rf4 a5 51. bxa5 bxa5 52. Ra4
Rc5 53. Kg3 Bb3 54. Ra3 a4 55. Rb2 Rc3+ 56. Kf2 Kg5 57. Re2 Kf5 58. Ra1 Rc2 59.
Rxc2 Bxc2 60. Ke3 Bb3 61. Ra3 g5 62. Ra1 h4 63. Kf3 g4+ 64. Kf2 Kf4 65. Rh1 a3
66. Rxh4 a2 67. g3+ Kg5 68. Rh1 Bc2 69. Ra1 Bb1 70. Ke3 Kf5 71. Kd4 e5+ 72. Ke3
e4 73. Kf2 Ke5 74. Ke2 Kd4 75. Kd2 e3+ 76. Ke2 Ke4 77. Ke1 Kf3 78. Kf1 Kxg3 0-1

[Event "Ì13Â"]
[Site "Loo"]
[Date "2017.04.21"]
[Round "2.18"]
[White "Àòîâìÿí, Àðò¸ì."]
[Black "Ãðà÷åâ, Àëåêñåé."]
[Result "1/2-1/2"]
[WhiteElo "1638"]
[BlackElo "2147"]
[PlyCount "96"]
[EventDate "2017.04.20"]

1. e4 c5 2. Nf3 Nc6 3. Bb5 e6 4. O-O Nge7 5. Re1 Nd4 6. Nxd4 cxd4 7. d3 a6 8.
Ba4 b5 9. Bb3 Nc6 10. a4 Bb7 11. axb5 axb5 12. Rxa8 Bxa8 13. Bd5 Be7 14. Bxc6
dxc6 15. Qg4 Kf8 16. f4 h5 17. Qh3 g6 18. f5 exf5 19. exf5 Kg7 20. fxg6 fxg6
21. Qe6 Bf6 22. Bf4 Qc8 23. Qd6 Re8 24. Rxe8 Qxe8 25. Qc7+ Qf7 26. Nd2 Qxc7 27.
Bxc7 Kf7 28. Ne4 Bh8 29. Kf2 Bg7 30. Kg3 Ke6 31. Kh4 c5 32. Nxc5+ Kf5 33. Kg3
Bd5 34. h4 Ba2 35. Nb3 Bb1 36. Bb6 Bxc2 37. Nxd4+ Bxd4 38. Bxd4 Bxd3 39. b4 Ke4
40. Bc5 Bc4 41. Kf2 Kf4 42. g3+ Kg4 43. Be7 Bd5 44. Bg5 Kf5 45. Ke3 Bc4 46. Kd4
Kg4 47. Bf4 g5 48. Bxg5 Kxg3 1/2-1/2

[Event "Ì13Â"]
[Site "Loo"]
[Date "2017.04.21"]
[Round "2.19"]
[White "Ñìèðíîâ, Ìàðê."]
[Black "Êèðèëëîâ, Äìèòðèé."]
[Result "0-1"]
[WhiteElo "1786"]
[BlackElo "2099"]
[PlyCount "46"]
[EventDate "2017.04.20"]

1. d4 d5 2. c4 dxc4 3. e3 Nf6 4. Bxc4 e6 5. Nc3 c5 6. Nf3 a6 7. a4 Nc6 8. O-O
cxd4 9. Nxd4 Nxd4 10. exd4 Bd6 11. h3 O-O 12. Bg5 Be7 13. Re1 Bd7 14. Qb3 Bc6
15. Rad1 Qa5 16. f4 Rad8 17. Bxe6 fxe6 18. Rxe6 Qb4 19. Qa2 Rf7 20. Rde1 Qxd4+
21. Kh2 Bd6 22. Rd1 Bxf4+ 23. Bxf4 Qxf4+ 0-1

[Event "Ì13Â"]
[Site "Loo"]
[Date "2017.04.21"]
[Round "2.20"]
[White "Áàëàøîâ, Àðñåíèé."]
[Black "Ïîçíÿê, Íàçàð."]
[Result "1-0"]
[WhiteElo "1769"]
[BlackElo "2069"]
[PlyCount "111"]
[EventDate "2017.04.20"]

1. e4 c5 2. Nf3 e6 3. d4 cxd4 4. Nxd4 Nf6 5. Nc3 d6 6. Be3 Be7 7. f3 Nc6 8. Qd2
a6 9. O-O-O O-O 10. g4 Qc7 11. g5 Nd7 12. h4 Nb6 13. Qf2 Nxd4 14. Bxd4 Nd7 15.
f4 b5 16. a3 Bb7 17. Bg2 e5 18. Be3 exf4 19. Bxf4 Rac8 20. Bh3 Rb8 21. Bxd7
Qxd7 22. Qd4 Rfd8 23. Rh2 Rbc8 24. Rhd2 Qg4 25. Qf2 Qe6 26. Qg3 Bxe4 27. Bxd6
Rxc3 28. Bxe7 Rxc2+ 29. Rxc2 Rxd1+ 30. Kxd1 Bxc2+ 31. Kxc2 Qxe7 32. Qb8+ Qf8
33. Qb7 f6 34. Qxa6 Qc5+ 35. Kd3 Qd5+ 36. Ke2 fxg5 37. hxg5 Qxg5 38. Qe6+ Kf8
39. Qb3 h5 40. Qf3+ Kg8 41. Qa8+ Kh7 42. Qe4+ g6 43. b3 h4 44. a4 bxa4 45. bxa4
h3 46. Qh1 Qh5+ 47. Kf2 Qh4+ 48. Kf3 g5 49. a5 g4+ 50. Ke2 g3 51. Qb7+ Kh6 52.
Qc6+ Kh5 53. Qd5+ Qg5 54. Qxg5+ Kxg5 55. Kf3 g2 56. Kf2 1-0

[Event "Ì13Â"]
[Site "Loo"]
[Date "2017.04.21"]
[Round "2.21"]
[White "Äìèòðèåâ, Èâàí."]
[Black "Êóëèê, Àðòóð."]
[Result "1/2-1/2"]
[WhiteElo "1666"]
[BlackElo "1918"]
[PlyCount "88"]
[EventDate "2017.04.20"]

1. e4 c5 2. c4 Nc6 3. Nc3 g6 4. g3 Bg7 5. Nge2 Ne5 6. Nf4 d6 7. d3 Bg4 8. Be2
Bxe2 9. Qxe2 e6 10. Be3 Ne7 11. O-O O-O 12. Qd1 b6 13. Kg2 Qd7 14. Rc1 Rad8 15.
b3 Qc6 16. f3 Nd7 17. d4 cxd4 18. Bxd4 Nf6 19. Qe2 Qb7 20. Be3 Rfe8 21. Rfd1 d5
22. e5 Ng4 23. fxg4 d4+ 24. Kg1 dxc3 25. Bd4 Nc6 26. Bxc3 Bf8 27. h4 Bc5+ 28.
Kh2 Bd4 29. Bxd4 Nxd4 30. Qe3 Qf3 31. Qxf3 Nxf3+ 32. Kg2 Nxe5 33. g5 Nc6 34.
Kf3 Nd4+ 35. Ke4 Nf5 36. g4 Nd6+ 37. Ke3 Re7 38. Rd2 Nb7 39. Rcd1 Rxd2 40. Rxd2
Kf8 41. Ne2 Nc5 42. Nc3 Rd7 43. Rxd7 Nxd7 44. Ne4 Ke8 1/2-1/2

[Event "Ì13Â"]
[Site "Loo"]
[Date "2017.04.21"]
[Round "2.22"]
[White "Áîéêî, Àëåêñàíäð."]
[Black "Ïëÿñóíîâ, Äàíèèë."]
[Result "0-1"]
[WhiteElo "1586"]
[BlackElo "1868"]
[PlyCount "92"]
[EventDate "2017.04.20"]

1. Nf3 Nf6 2. g3 g6 3. Bg2 Bg7 4. O-O O-O 5. c4 d6 6. d3 Nbd7 7. Nc3 c6 8. Bd2
e5 9. Rb1 Re8 10. Bg5 Qc7 11. Ne4 Nxe4 12. dxe4 Nc5 13. Qc2 f5 14. Nh4 f4 15.
gxf4 h6 16. Nxg6 hxg5 17. f5 Ne6 18. e3 Nf8 19. Nxf8 Bxf8 20. Bf3 Qh7 21. Bg4
Bd7 22. Qb3 Kh8 23. Kg2 d5 24. cxd5 cxd5 25. Qxd5 Bc6 26. Qc4 Qg8 27. Qxg8+
Kxg8 28. f3 Rad8 29. Rfd1 Kf7 30. Kf2 Kf6 31. Bh3 Bc5 32. Bg2 a5 33. a3 Ba4 34.
Re1 Rd2+ 35. Kg3 Bb3 36. Bf1 b6 37. h3 Red8 38. f4 gxf4+ 39. exf4 Bf2+ 40. Kf3
Bxe1 41. Rxe1 Rd1 42. Rxd1 Rxd1 43. Be2 Rd2 44. h4 exf4 45. Bb5 Ke5 46. h5 Bd1+
0-1

[Event "Ì13Â"]
[Site "Loo"]
[Date "2017.04.21"]
[Round "2.23"]
[White "Âàñèëüåâ, Àëåêñåé."]
[Black "Òàðàñîâ, Äàíèëà."]
[Result "1/2-1/2"]
[WhiteElo "1861"]
[BlackElo "1768"]
[PlyCount "55"]
[EventDate "2017.04.20"]

1. e4 c5 2. Nf3 g6 3. d4 cxd4 4. Nxd4 Bg7 5. Nc3 Nc6 6. Be3 Nf6 7. Bc4 Qa5 8.
O-O O-O 9. Bb3 d6 10. h3 Bd7 11. f4 Nxd4 12. Bxd4 Bc6 13. e5 dxe5 14. fxe5 Nh5
15. Qe1 Rad8 16. Rd1 Rxd4 17. Rxd4 Qxe5 18. Bxf7+ Kh8 19. Qxe5 Bxe5 20. Rdd1
Ng3 21. Rf2 Bxc3 22. bxc3 Ne4 23. Rff1 Ng3 24. Rf2 Ne4 25. Rff1 Ng3 26. Rf2 Ne4
27. Rff1 Ng3 28. Rf2 1/2-1/2

[Event "Ì13Â"]
[Site "Loo"]
[Date "2017.04.21"]
[Round "2.24"]
[White "Õàðèòîíîâ, Åãîð."]
[Black "Êîçóáîâ, Ìèõàèë."]
[Result "1-0"]
[WhiteElo "1850"]
[BlackElo "1732"]
[PlyCount "121"]
[EventDate "2017.04.20"]

1. d4 Nf6 2. c4 g6 3. Nc3 d5 4. Nf3 Bg7 5. Bg5 Ne4 6. cxd5 Nxg5 7. Nxg5 e6 8.
Nf3 exd5 9. e3 c6 10. Be2 O-O 11. O-O Be6 12. Ne1 Nd7 13. Nd3 f5 14. f4 Re8 15.
Rc1 Rc8 16. b4 a6 17. a4 Bf7 18. Rf3 Qe7 19. Nc5 Nf6 20. h3 h6 21. Qc2 Ra8 22.
Qb1 b5 23. Bd1 Bf8 24. Kh2 Ne4 25. N3xe4 dxe4 26. Rf2 Bd5 27. Bb3 Kh7 28. Qa2
Qf7 29. Rfc2 Bxb3 30. Nxb3 Rab8 31. Na5 Qxa2 32. Rxa2 Rec8 33. Nxc6 Rb6 34.
axb5 Rxb5 35. Rxa6 Rxb4 36. Ra7+ Kh8 37. Nxb4 Rxc1 38. Nd5 Bg7 39. Ne7 Kh7 40.
h4 h5 41. Kg3 Rc3 42. Nd5 Rb3 43. Rc7 Ra3 44. Rb7 Kh6 45. Kh2 Rd3 46. Rb6 Kh7
47. Rc6 Bxd4 48. exd4 Rxd4 49. Rc7+ Kg8 50. Ne7+ Kf8 51. Nxg6+ Ke8 52. Re7+ Kd8
53. Re5 Rd3 54. Rxf5 e3 55. Re5 Kd7 56. f5 Kd6 57. Re6+ Kd5 58. Nf4+ Kd4 59.
Nxd3 Kxd3 60. f6 e2 61. f7 1-0

[Event "Ì13Â"]
[Site "Loo"]
[Date "2017.04.21"]
[Round "2.25"]
[White "Òðîôèìîâ, Èâàí."]
[Black "Êîë÷èí, Ìàêñèì."]
[Result "0-1"]
[WhiteElo "1826"]
[BlackElo "1713"]
[PlyCount "88"]
[EventDate "2017.04.20"]

1. e4 e6 2. d4 d5 3. e5 c5 4. c3 Nc6 5. Nf3 Bd7 6. a3 Nge7 7. b4 cxb4 8. cxb4
b5 9. Bd3 Qb6 10. Bb2 Nf5 11. Bxf5 exf5 12. O-O Be6 13. Nc3 Be7 14. Qd2 O-O 15.
Ne2 a5 16. Bc3 axb4 17. axb4 Ra4 18. Rab1 Rfa8 19. Nc1 h6 20. Kh1 Kh7 21. Ne1
f4 22. Ned3 f3 23. gxf3 Ra3 24. Rb3 Qa7 25. Nc5 Bxc5 26. bxc5 b4 27. Bb2 Ra4
28. Ne2 Qb7 29. Nf4 Na5 30. Re3 Nc4 31. Qc2+ Kh8 32. Rb3 Qa6 33. Rb1 Rb8 34.
Kg2 Ra2 35. Qd3 Qc8 36. Nxe6 Qxe6 37. Bc3 f5 38. f4 Rg8 39. Rxb4 g5 40. Rb8
gxf4+ 41. Kf1 Qg6 42. Rxg8+ Qxg8 43. Qxf5 Ne3+ 44. fxe3 Qg2+ 0-1

[Event "Ì13Ï"]
[Site "Loo"]
[Date "2017.04.21"]
[Round "2.1"]
[White "Çóðàáÿí, Âàãå."]
[Black "Êóçüìèí, Àðñåíèé."]
[Result "0-1"]
[WhiteElo "1591"]
[BlackElo "1877"]
[PlyCount "80"]
[EventDate "2017.04.20"]

1. c4 e5 2. g3 Nc6 3. Bg2 d6 4. Nc3 Nf6 5. Nf3 Be7 6. O-O O-O 7. d4 Bf5 8. b3
Re8 9. dxe5 dxe5 10. Bb2 Bc5 11. a3 Qxd1 12. Nxd1 Nd4 13. Nxd4 Bxd4 14. Nc3 c6
15. e3 Bb6 16. e4 Bg6 17. Rad1 Bh5 18. Rd2 Rad8 19. Nb1 Rxd2 20. Nxd2 Rd8 21.
Bc1 Bd4 22. h3 Bg6 23. Rd1 Bc3 24. f3 Nh5 25. g4 Nf4 26. Bf1 Bd4+ 27. Kh2 Be3
28. a4 f6 29. b4 Kf7 30. c5 Rd4 31. Bc4+ Ke7 32. Kg3 Bxd2 33. Rxd2 Rxc4 34. Ba3
Rc3 35. Ra2 Ne6 36. Bb2 Rb3 37. Ba3 Nd4 38. h4 Rxf3+ 39. Kh2 Bxe4 40. h5 Bd5
0-1

[Event "Ì13Ï"]
[Site "Loo"]
[Date "2017.04.21"]
[Round "2.2"]
[White "Èâàíîâ, Àðòåì."]
[Black "Õàíèí, Ìèõàèë."]
[Result "1-0"]
[WhiteElo "1832"]
[BlackElo "1589"]
[PlyCount "113"]
[EventDate "2017.04.20"]

1. e4 e6 2. d4 d5 3. Bd3 Nf6 4. e5 Nfd7 5. c3 c5 6. Ne2 Nc6 7. O-O cxd4 8. cxd4
Nb4 9. Bb5 a6 10. Ba4 b5 11. Bb3 Be7 12. Nbc3 O-O 13. a3 Nc6 14. Nf4 Qb6 15.
Be3 Ndxe5 16. Ncxd5 exd5 17. Nxd5 Qd8 18. Nxe7+ Qxe7 19. dxe5 Qxe5 20. Qd5 Bb7
21. Qxe5 Nxe5 22. Rfd1 Rfd8 23. Bb6 Rdc8 24. Rac1 Rxc1 25. Rxc1 Rc8 26. Rxc8+
Bxc8 27. f3 Kf8 28. Bd4 f6 29. Kf2 Ke7 30. Ke3 Be6 31. Bxe6 Kxe6 32. b3 Nc6 33.
Bc3 Kd5 34. f4 f5 35. Bxg7 Na5 36. h3 h5 37. Kf3 Nxb3 38. g4 hxg4+ 39. hxg4
fxg4+ 40. Kxg4 Ke6 41. Kg5 Kf7 42. Be5 Na5 43. Bd6 Nc4 44. Bc5 Nd2 45. Kf5 Nb3
46. Bd6 a5 47. Ke4 Nd2+ 48. Kd5 Nc4 49. Bc5 Kf6 50. a4 Nb2 51. axb5 Na4 52. b6
Nxb6+ 53. Bxb6 Kf5 54. Bc7 a4 55. Kc4 a3 56. Kb3 a2 57. Kxa2 1-0

[Event "Ì13Ï"]
[Site "Loo"]
[Date "2017.04.21"]
[Round "2.3"]
[White "Êîñòåíêî, Êèðèëë."]
[Black "Ôèëàòîâ, Ãåîðãèé."]
[Result "0-1"]
[WhiteElo "1589"]
[BlackElo "1793"]
[PlyCount "116"]
[EventDate "2017.04.20"]

1. d4 Nf6 2. c4 g6 3. Nc3 Bg7 4. e4 d6 5. f3 O-O 6. Nge2 Nc6 7. Be3 e5 8. Qd2
Na5 9. Ng3 Nc6 10. Nge2 Nh5 11. g4 Nf4 12. Bxf4 exf4 13. O-O-O g5 14. Kb1 a6
15. h4 f6 16. h5 h6 17. Bg2 b5 18. Qd3 Nb4 19. Qd2 bxc4 20. Nc1 a5 21. Bf1 Ba6
22. a3 Nc6 23. Nd5 f5 24. Qc3 fxg4 25. Bxc4 Kh8 26. fxg4 Bxc4 27. Qxc4 Ne7 28.
Ne2 Nxd5 29. Qxd5 Qd7 30. Rhg1 c6 31. Qc4 d5 32. exd5 cxd5 33. Qd3 Rab8 34. Nc3
Rb3 35. Ka2 Rfb8 36. Rd2 Qb7 37. Rgg2 Qc6 38. Rgf2 Qc8 39. Rg2 f3 40. Qxf3 Qc4
41. Ka1 Rf8 42. Qe2 Rf1+ 43. Rd1 Qxe2 44. Rxe2 Rxd1+ 45. Nxd1 Bxd4 46. Rd2
Rxa3+ 47. Kb1 Ra4 48. Kc2 Rc4+ 49. Kb1 Kg7 50. Nc3 Bxc3 51. bxc3 Rxg4 52. Rxd5
Rh4 53. Rxa5 Rxh5 54. c4 Rh4 55. c5 Rc4 56. Ra7+ Kg6 57. Ra6+ Kf5 58. c6 g4 0-1

[Event "Ì13Ï"]
[Site "Loo"]
[Date "2017.04.21"]
[Round "2.4"]
[White "Çàñïàíîâ, Êîíñòàíòèí."]
[Black "Ãàáèòîâ, Áóëàò."]
[Result "0-1"]
[WhiteElo "1588"]
[BlackElo "1790"]
[PlyCount "24"]
[EventDate "2017.04.20"]

1. e4 c5 2. c3 d5 3. exd5 Qxd5 4. d4 Nc6 5. Nf3 Bf5 6. Be3 cxd4 7. cxd4 Bxb1 8.
Rxb1 e6 9. b3 Bb4+ 10. Bd2 Bxd2+ 11. Qxd2 Qe4+ 12. Be2 Qxb1+ 0-1

[Event "Ì13Ï"]
[Site "Loo"]
[Date "2017.04.21"]
[Round "2.5"]
[White "Âàñèëüåâ, Èëüÿ."]
[Black "Êóøíàðåíêî, Åãîð."]
[Result "0-1"]
[WhiteElo "1779"]
[BlackElo "1572"]
[PlyCount "88"]
[EventDate "2017.04.20"]

1. e4 c5 2. Nf3 e6 3. d4 cxd4 4. Nxd4 Nf6 5. Nc3 Nc6 6. Nxc6 bxc6 7. e5 Nd5 8.
Nxd5 cxd5 9. Bd3 Qc7 10. Qe2 Bb4+ 11. Kf1 a5 12. h4 h6 13. Rh3 Be7 14. Bf4 Qb6
15. Qg4 Bf8 16. Rf3 Bb7 17. Be3 d4 18. Bxd4 Bxf3 19. Qxf3 Qc6 20. Qe2 Rb8 21.
Rd1 Bc5 22. Bxc5 Qxc5 23. b3 O-O 24. Qe4 f5 25. exf6 Rxf6 26. Qh7+ Kf8 27. f3
Kf7 28. Qe4 Rb4 29. c4 Qc7 30. h5 Rb8 31. Qh7 Rg8 32. Bg6+ Kf8 33. Be8 d6 34.
Bb5 Qc5 35. Qd3 Ke7 36. Qe4 Qb6 37. Re1 Rgf8 38. Qg4 R8f7 39. Qe4 Kd8 40. Qa8+
Kc7 41. Qe4 Rf4 42. Qa8 Rf8 43. Qa6 Rxf3+ 44. gxf3 Rxf3+ 0-1

[Event "Ì13Ï"]
[Site "Loo"]
[Date "2017.04.21"]
[Round "2.6"]
[White "Áðàòîâ, Àäåìèð."]
[Black "Òðóõèí, Äìèòðèé."]
[Result "0-1"]
[WhiteElo "1579"]
[BlackElo "1773"]
[PlyCount "106"]
[EventDate "2017.04.20"]

1. e4 e5 2. Nf3 Nc6 3. Bc4 Bc5 4. c3 Nf6 5. d3 O-O 6. Bg5 Re8 7. O-O d6 8. h3
Bb6 9. Re1 Na5 10. Bb5 Nc6 11. Nbd2 a6 12. Ba4 Bd7 13. Nf1 h6 14. Bh4 Kh8 15.
Ne3 Bxe3 16. fxe3 Rg8 17. Nh2 g5 18. Bg3 Rg6 19. Bc2 Qe7 20. d4 Rag8 21. Qe2
R8g7 22. d5 Nd8 23. c4 Rh7 24. c5 h5 25. cxd6 cxd6 26. h4 Bh3 27. Bxe5 Qxe5 28.
gxh3 gxh4+ 29. Kh1 Nxe4 30. Bxe4 Qxe4+ 31. Qf3 Qxf3+ 32. Nxf3 Rg3 33. Nd4 Rxh3+
34. Kg2 Rg3+ 35. Kh2 Rg8 36. Nf5 f6 37. Nxd6 Rd7 38. Nf5 Rxd5 39. Ne7 Rd2+ 40.
Kh3 Re8 41. Ng6+ Kh7 42. Nxh4 Rxb2 43. Nf5 Re5 44. e4 Ne6 45. Kh4 Rb4 46. Ng3
Ng7 47. Rab1 Rxb1 48. Rxb1 b5 49. Rf1 Kg6 50. Rc1 Ne6 51. Rg1 Rg5 52. Rd1 Nf4
53. a3 Rg4# 0-1

[Event "Ì13Ï"]
[Site "Loo"]
[Date "2017.04.21"]
[Round "2.7"]
[White "Æàâîðîíêîâ, Àëåêñàíäð."]
[Black "Õàíæèí, Òèìóð."]
[Result "0-1"]
[WhiteElo "1572"]
[BlackElo "1751"]
[PlyCount "56"]
[EventDate "2017.04.20"]

1. Nf3 Nf6 2. d4 e6 3. c4 b6 4. g3 Bb7 5. Bg2 Be7 6. Nc3 Ne4 7. Qc2 f5 8. O-O
Nxc3 9. Qxc3 O-O 10. Rd1 Bf6 11. Qb3 d6 12. c5 Bd5 13. Qe3 bxc5 14. dxc5 Nd7
15. c6 Nc5 16. Nd4 Bxd4 17. Qxd4 Bxg2 18. Kxg2 Qe8 19. f3 Qxc6 20. b4 Nd7 21.
Bb2 Nf6 22. Rac1 Qb7 23. Qc4 Nd5 24. Qd4 Rf7 25. a3 Rb8 26. e4 fxe4 27. Qxe4
Re8 28. Re1 c5 {äàëåå çàïèñü íåðàçáîð~~èâà} 0-1

[Event "Ì13Ï"]
[Site "Loo"]
[Date "2017.04.21"]
[Round "2.8"]
[White "Äóíàåâ, Äåíèñ."]
[Black "Øêóðàòîâ, Âëàäèìèð."]
[Result "1-0"]
[WhiteElo "1562"]
[BlackElo "1739"]
[PlyCount "131"]
[EventDate "2017.04.20"]

1. d4 d5 2. c4 e6 3. Nc3 Nf6 4. Bg5 Nbd7 5. Nf3 c6 6. cxd5 exd5 7. e3 Be7 8.
Bd3 O-O 9. Qc2 Re8 10. O-O Nf8 11. Rab1 Ne4 12. Bxe7 Qxe7 13. b4 Ng5 14. Nd2
Bd7 15. b5 Rac8 16. bxc6 Bxc6 17. Qb3 Red8 18. Rfc1 Qd6 19. Bb5 Nge6 20. Nf3
Nd7 21. a4 Nb6 22. Ne5 f6 23. Nxc6 bxc6 24. Ba6 Rb8 25. Qa2 Nc7 26. Bd3 Kh8 27.
Qc2 Ne6 28. Ne2 Rbc8 29. a5 Nd7 30. Bf5 c5 31. Bxe6 Qxe6 32. Nf4 Qd6 33. dxc5
Rxc5 34. Qd2 Rdc8 35. Rxc5 Rxc5 36. Rc1 Rxc1+ 37. Qxc1 g5 38. Ne2 Kg7 39. g3
Kf7 40. Qc2 Kg7 41. Nd4 Qe5 42. Qc6 Nf8 43. Qb7+ Kg6 44. Qxa7 Qe4 45. Qb7 Ne6
46. Nxe6 Qxe6 47. Qb1+ Kg7 48. Qd3 Qc6 49. Qd4 Qc1+ 50. Kg2 Qc6 51. h3 Qb5 52.
Qb6 Qd3 53. a6 Qe4+ 54. Kh2 Qc2 55. Kg1 Qd1+ 56. Kg2 Qd3 57. a7 Qe4+ 58. Kg1 d4
59. Qxd4 Qb1+ 60. Kh2 Qb7 61. Qa4 Qa8 62. Qa5 h5 63. Qc7+ Kg6 64. Qb8 Qf3 65.
a8=Q Qxf2+ 66. Qg2 1-0